Science Quiz

Random Science or Animal Quiz

Male or Female? Quiz Stats

 Plays Quiz Updated Jan 10, 2016

Also try: Animal by Tongue
Challenge
Share
Tweet
Score 0/14 Timer 04:00
3 Plays Today
% Correct
Male lions have a mane
98.1%
Female elk don't have antlers
89.4%
Male birds of paradise have brighter colors
88.4%
Female mallards have duller colors
87.2%
Male peafowl (peacocks) have the bright feathers
86.4%
Male cardinals are bright red
85.6%
Female quail are duller in color
85.1%
% Correct
Male mandrill have brighter colored faces and butts
75.1%
Female elephant seals don't have a pronounced trunk
74.8%
Male fiddler crabs have one larger claw
69.4%
Female chickens do not have as large of a tail
65.8%
Male anglerfish are very small
52.5%
Female black howler monkeys are tan-colored.
51.5%
Female painted buntings have duller colors
34.2%

You're not logged in!

Compare scores with friends on all Sporcle quizzes.
OR
Log In

You Might Also Like...

Show Comments

Extras

Top Quizzes Today


Score Distribution

Your Account Isn't Verified!

In order to create a playlist on Sporcle, you need to verify the email address you used during registration. Go to your Sporcle Settings to finish the process.

Report this User

Report this user for behavior that violates our Community Guidelines.

Details: